000 00837nam a2200253Ia 4500
003 OSt
005 20220923223048.0
006 a|||||r|||| 00| 0
007 ta
008 220922b |||||||| |||| 00| 0 hin d
024 _a210,275
037 _cTextual
040 _aARTS
_cARTS
_bhin
041 _2hin
_ahin
082 _aO152,3N32:g, L9;M8
100 _aपुष्पलाल सिंह
245 0 _aकमलेश्वर
_b कहानी का संदर्भ
246 _aKamaleshvara: kahānī kā sandarbha
260 _aदिल्ली
_b पुस्तकायन
_c1988
300 _a166पृ.
_ccm.
650 _aहिन्दी साहित्य
_9156264
942 _hO152,3N32:g, L9;M8
_cTEXL
_2CC
999 _c360824
_d360824